|
|
|
|
| LEADER |
01313nam a2200337 4500 |
| 001 |
DLU170180968 |
| 005 |
##20170913 |
| 020 |
# |
# |
|a 9786048216795
|
| 040 |
# |
# |
|a DLU
|b vie
|
| 041 |
# |
# |
|a vie
|
| 044 |
# |
# |
|a vn
|
| 082 |
# |
# |
|a 628
|b PH-D
|
| 100 |
# |
# |
|a Phạm Anh Đức,
|e chủ biên.
|
| 245 |
# |
# |
|a Quan trắc chất lượng môi trường /
|c Phạm Anh Đức chủ biên, Nguyễn Thị Mai Linh.
|
| 260 |
# |
# |
|a H. :
|b Xây dựng,
|c 2015.
|
| 300 |
# |
# |
|a 194 tr. :
|b bảng biểu ;
|c 27 cm.
|
| 504 |
# |
# |
|a Tài liệu tham khảo: tr.184-191.
|
| 505 |
# |
# |
|a Chương 1. Các vấn đề chung -- Chương 2. Quan trắc chất lượng nước -- Chương 3. Quan trắc chất lượng không khí -- Chương 4. Quan trắc chất lượng đất -- Chương 5. Giới thiệu quan trắc chất lượng môi trường bằng phương pháp sinh học -- Chương 6. Xử lý số liệu và quản lý dữ liệu -- Chương 7. Báo cáo và phổ biến thông tin.
|
| 650 |
# |
# |
|a Quan trắc môi trường
|v Giáo trình.
|
| 700 |
# |
# |
|a Nguyễn Thị Mai Linh.
|
| 923 |
# |
# |
|a 05/2016
|
| 991 |
# |
# |
|a GT
|
| 992 |
# |
# |
|a 98000
|
| 994 |
# |
# |
|a DLU
|
| 900 |
# |
# |
|a True
|
| 911 |
# |
# |
|a Nguyễn Thanh Hương
|
| 925 |
# |
# |
|a G
|
| 926 |
# |
# |
|a A
|
| 927 |
# |
# |
|a SH
|
| 980 |
# |
# |
|a Thư viện Trường Đại học Đà Lạt
|